Basic Documents : Forty-Ninth Edition (including Amendments Adopted up to 31 May 2019).

Bibliographic Details
Format: eBook
Language:English
Published: Geneva : World Health Organization, 2020.
Edition:49th ed.
Series:Basic Documents - World Health Organization Series
Subjects:
Online Access:Click to View
LEADER 03658nam a22003613i 4500
001 EBC31498789
003 MiAaPQ
005 20240729202206.0
006 m o d |
007 cr cnu||||||||
008 240729s2020 xx o ||||0 eng d
020 |a 9789240000513  |q (electronic bk.) 
035 |a (MiAaPQ)EBC31498789 
035 |a (Au-PeEL)EBL31498789 
040 |a MiAaPQ  |b eng  |e rda  |e pn  |c MiAaPQ  |d MiAaPQ 
245 1 0 |a Basic Documents :  |b Forty-Ninth Edition (including Amendments Adopted up to 31 May 2019). 
250 |a 49th ed. 
264 1 |a Geneva :  |b World Health Organization,  |c 2020. 
264 4 |c Ã2020. 
300 |a 1 online resource (245 pages) 
336 |a text  |b txt  |2 rdacontent 
337 |a computer  |b c  |2 rdamedia 
338 |a online resource  |b cr  |2 rdacarrier 
490 1 |a Basic Documents - World Health Organization Series 
505 0 |a Intro -- Overarching Framework OF engagement with non-State actors -- Introduction -- engagement: Rationale, principles, benefits and risks -- Rationale -- Principles -- Benefits of engagement -- Risks of engagement -- NON-STATE Actors -- TYPES OF INTERACTION -- Participation -- Resources -- Evidence -- Advocacy -- Technical collaboration -- MANAGEMENT OF CONFLICT OF INTEREST AND OTHER RISKS OF ENGAGEMENT -- Conflict of interest -- Due diligence and risk assessment -- Risk management -- Transparency -- Specific provisions -- Engagement where particular caution should be exercised -- Association with WHO's name and emblem -- Secondments -- Relation OF the framework to WHO's other policies -- Official Relations -- Procedure for admitting and reviewing organizations in official relations -- OVERSIGHT OF ENGAGEMENT -- Non-compliance with this framework -- Implementation -- Monitoring and Evaluation of the Framework -- WHO policy and operational procedures on engagement with nongovernmental organizations -- PARTICIPATION -- Participation by nongovernmental organizations in WHO meetings63F -- Involvement of the Secretariat in meetings organized by nongovernmental organizations -- RESOURCES -- EVIDENCE -- ADVOCACY -- TECHNICAL COLLABORATION -- WHO policy and operational procedures on engagement with Private sector entities -- PARTICIPATION -- Participation by private sector entities in WHO meetings67F -- Involvement of the Secretariat in meetings organized by private sector entities -- RESOURCES -- EVIDENCE -- ADVOCACY -- TECHNICAL COLLABORATION -- WHO policy and operational procedures on engagement with Philanthropic foundations -- PARTICIPATION -- Participation by philanthropic foundations in WHO meetings73F -- Involvement of the Secretariat in meetings organized by philanthropic foundations -- RESOURCES -- EVIDENCE -- ADVOCACY. 
505 8 |a TECHNICAL COLLABORATION -- WHO policy and operational procedures on engagement with academic institutions -- PARTICIPATION -- Participation by academic institutions in WHO meetings -- Involvement of the Secretariat in meetings organized by academic institutions -- RESOURCES -- EVIDENCE -- ADVOCACY -- TECHNICAL COLLABORATION. 
588 |a Description based on publisher supplied metadata and other sources. 
590 |a Electronic reproduction. Ann Arbor, Michigan : ProQuest Ebook Central, 2024. Available via World Wide Web. Access may be limited to ProQuest Ebook Central affiliated libraries.  
655 4 |a Electronic books. 
776 0 8 |i Print version:  |t Basic Documents  |d Geneva : World Health Organization,c2020 
797 2 |a ProQuest (Firm) 
830 0 |a Basic Documents - World Health Organization Series 
856 4 0 |u https://ebookcentral.proquest.com/lib/matrademy/detail.action?docID=31498789  |z Click to View